000 00747nam a2200205Ia 4500
001 7474
003 GE_BSU
008 181216s||||||||xx |||||||||||||| ||und||
040 _cGE_BSU
080 _a621.3(035.5)
245 _aЭлектротехнический справочник. Т.III, кн.2.
245 _cПод общей ред. П.Г.Грудинского, А.В.Нетушила, Г.Н.Петрова и др. Гл. ред. М.Г.Чиликин, Ред.И.В.Антик.
250 _aИзд 3-ое, перераб.и доп.
260 _aМ.-Л.
260 _bЭнергия.
260 _c1966.
300 _a404стр.с илл.27см.
653 _aЭлектротехнический справочник.
942 _cBK
999 _c40834
_d40834